000 00826cam a2200241 4500
001 ABS63377
008 000000n2001 000 0 eng u
035 _a(Sirsi) u110442
110 _aMott Green and Wall
_93850
245 _aCost models: data centres
260 _c2001
490 _aBuilding Services Journal
_v23(1) January 2001, 11-13(3)
520 _aExamines the mechanical and electrical installations required to service a data centre, prepared by the cost and research departments of Mott, Green & Wall and Davis, Langdon & Everest.
590 _aABS
650 _aBlock management
_96220
650 _aCONSTRUCTION COSTS
650 _aCOST MODELS
650 _aDATA CENTRES
650 _aM&E
690 _aBUILT ENVIRONMENT-BUILDING COSTS
710 _aDavis Langdon and Everest
_91155
942 _n0
999 _c65845
_d65845